Koja la lugha. (Record no. 43535)
[ view plain ]
| 000 -LEADER | |
|---|---|
| fixed length control field | 00635nam a22002051a 4500 |
| 001 - CONTROL NUMBER | |
| control field | 8577384 |
| 005 - DATE AND TIME OF LATEST TRANSACTION | |
| control field | 20110718134042.0 |
| 008 - FIXED-LENGTH DATA ELEMENTS--GENERAL INFORMATION | |
| fixed length control field | 831018s1969 ke 000 0 fre |
| 010 ## - LIBRARY OF CONGRESS CONTROL NUMBER | |
| LC control number | 77982927 |
| 035 ## - SYSTEM CONTROL NUMBER | |
| -- | (DLC) 77982927 |
| 040 ## - CATALOGING SOURCE | |
| Original cataloging agency | DLC |
| Transcribing agency | CarP |
| Modifying agency | DLC |
| 050 00 - LIBRARY OF CONGRESS CALL NUMBER | |
| Classification number | PL 8704.R55 1969 |
| Item number | PL 8704.R55 1969 |
| 100 1# - MAIN ENTRY--PERSONAL NAME | |
| Personal name | Robert, Shaaban, 1909-1962. [from old ca |
| 245 10 - TITLE STATEMENT | |
| Title | Koja la lugha. |
| Medium | [Text] |
| 260 ## - PUBLICATION, DISTRIBUTION, ETC. (IMPRINT) | |
| Place of publication, distribution, etc | Nairobi |
| Name of publisher, distributor, etc | Oxford University Press |
| Date of publication, distribution, etc | c1969 |
| 300 ## - PHYSICAL DESCRIPTION | |
| Extent | 93 p. 18 cm. |
| 600 ## - SUBJECT ADDED ENTRY--PERSONAL NAME | |
| Personal name | Swahili Language - Texts |
| 906 ## - LOCAL DATA ELEMENT F, LDF (RLIN) | |
| a | 0 |
| b | cbc |
| c | premunv |
| d | u |
| e | ncip |
| f | 19 |
| g | y-gencatlg |
| 991 ## - | |
| -- | c-GenColl |
| -- | PL8704 |
| -- | .R55 1969 |
| -- | Copy 1 |
| -- | PREM |
| Withdrawn status | Lost status | Source of classification or shelving scheme | Damaged status | Not for loan | Collection code | Home library | Current library | Shelving location | Date acquired | Cost, normal purchase price | Full call number | Barcode | Date last seen | Copy number | Price effective from | Koha item type |
|---|---|---|---|---|---|---|---|---|---|---|---|---|---|---|---|---|
| Library of Congress Classification | Special Collection | AIU/NEGST - Tony Wilmot Memorial Library | AIU/NEGST - Tony Wilmot Memorial Library | Special Collection | 02/17/2010 | 3.00 | S PL 8704.R55 1969 | R41221A3232 | 09/26/2019 | 1 | 02/17/2010 | Africana Collection (Special) |
